[Event "Mittelrhein Verbandsliga-S 18/19"]
[Site "Nordrheinwestfalen"]
[Date "2019.04.07"]
[Round "9.3"]
[White "Kummer, Wolfram"]
[Black "Wambach, Patrick"]
[Result "1/2-1/2"]
[WhiteElo "2028"]
[BlackElo "2007"]
[PlyCount "99"]
[EventDate "2018.09.02"]
[EventType "team-tourn"]
[EventRounds "11"]
[EventCountry "GER"]
[SourceTitle "EXT 2022"]
[Source "ChessBase"]
[SourceDate "2021.10.06"]
[SourceVersion "1"]
[SourceVersionDate "2021.10.06"]
[SourceQuality "1"]
[WhiteTeam "Godesberg II"]
[BlackTeam "Siebengebirge"]
[WhiteTeamCountry "GER"]
[BlackTeamCountry "GER"]

1. e4 d6 2. d4 Nf6 3. Nc3 g6 4. Nf3 Bg7 5. h3 0-0 6. Be3 c6 7. a4 Nbd7 8. Be2 Qc7 9. 0-0 e5 10. dxe5 dxe5 11. Qd2 Re8 12. Rad1 Bf8 13. Bc4 Nc5 14. Ng5 Be6 15. Qe2 Bxc4 16. Qxc4 Ne6 17. Nxe6 Rxe6 18. Bg5 Qb6 19. Rd3 Qb4 20. Qxb4 Bxb4 21. Bxf6 Rxf6 22. Rfd1 a5 23. Kf1 Bc5 24. f3 h5 25. Rd7 b6 26. R1d3 Re8 27. Nb1 Ree6 28. Nd2 b5 29. axb5 cxb5 30. R7d5 Rc6 31. Nb3 Bb6 32. c3 a4 33. Nd2 b4 34. cxb4 Bd4 35. Ra3 Rc1+ 36. Ke2 Rg1 37. g4 hxg4 38. hxg4 Rc6 39. Rxa4 Rc2 40. Kd3 Rxb2 41. g5 Rxg5 42. Ra8+ Kg7 43. Rc8 Rg2 44. Rc2 Rxb4 45. Rd7 Ra4 46. Nb3 Rxc2 47. Kxc2 Rc4+ 48. Kd1 Rc3 49. Nxd4 exd4 50. Ke2 1/2-1/2

[Event "Wiesbaden op 30th"]
[Site "Wiesbaden"]
[Date "2018.08.23"]
[Round "1"]
[White "Cichon, Joerg"]
[Black "Kummer, Wolfram"]
[Result "0-1"]
[WhiteElo "1776"]
[BlackElo "2108"]
[PlyCount "110"]
[EventDate "2018.08.23"]
[EventType "swiss"]
[EventRounds "7"]
[EventCountry "GER"]
[SourceTitle "CBM 186 Extra"]
[Source "ChessBase"]
[SourceDate "2018.08.24"]
[SourceVersion "1"]
[SourceVersionDate "2018.08.24"]
[SourceQuality "1"]

1. e4 d6 2. Nc3 Nf6 3. Nf3 c6 4. d4 Qa5 5. Bd3 Bg4 6. 0-0 e5 7. dxe5 dxe5 8. Bd2 Nbd7 9. h3 Bh5 10. a3 Qc7 11. Qe2 Be7 12. b4 h6 13. Kh1 g5 14. g4 Bg6 15. Kg2 0-0-0 16. b5 c5 17. Nd5 Nxd5 18. exd5 Qd6 19. c4 h5 20. Bxg5 hxg4 21. hxg4 e4 22. Bxe4 Bxg5 23. Nxg5 Qh2+ 24. Kf3 Bxe4+ 25. Qxe4 Qh6 26. Qf4 Qg7 27. Rh1 Rhg8 28. Ne4 Ne5+ 29. Ke2 Qxg4+ 30. Qxg4+ Rxg4 31. Nxc5 Rxc4 32. Rac1 Rxd5 33. Rxc4 Nxc4 34. Ne4 Nxa3 35. Rc1+ Kb8 36. b6 axb6 37. Rc3 Nb5 38. Rc1 f5 39. Nf6 Rd6 40. Nh5 Nd4+ 41. Ke3 Ne6 42. Rc4 Rd5 43. Nf4 Re5+ 44. Kd3 Nc5+ 45. Kd4 Re4+ 46. Kd5 Re1 47. Ng2 Re2 48. Rf4 Nd3 49. Rxf5 Nxf2 50. Nf4 Rc2 51. Ne6 Nd3 52. Kd4 Nb4 53. Rb5 Nc6+ 54. Kd3 Rh2 55. Rxb6 Rh6 0-1

[Event "Oberliga NRW 1617"]
[Site "Germany"]
[Date "2017.03.26"]
[Round "8.7"]
[White "Kummer, Wolfram"]
[Black "Kramps, Rene"]
[Result "1/2-1/2"]
[WhiteElo "2091"]
[BlackElo "2123"]
[PlyCount "56"]
[EventDate "2016.09.25"]
[EventType "team-tourn"]
[EventRounds "9"]
[EventCountry "GER"]
[SourceTitle "EXT 2020"]
[Source "ChessBase"]
[SourceDate "2019.10.17"]
[SourceVersion "1"]
[SourceVersionDate "2019.10.17"]
[SourceQuality "1"]
[WhiteTeam "Godesberg"]
[BlackTeam "Iserlohn Koenigsspringer"]
[WhiteTeamCountry "GER"]
[BlackTeamCountry "GER"]

1. e4 g6 2. d4 Bg7 3. Nc3 c6 4. Bc4 d5 5. exd5 b5 6. Bb3 b4 7. Nce2 cxd5 8. a3 bxa3 9. Rxa3 Nf6 10. Nf3 0-0 11. 0-0 Na6 12. Ne5 Bb7 13. Qd3 Nc7 14. Bd2 Qd6 15. Rfa1 a6 16. Ba4 Ne4 17. Bf4 g5 18. Bg3 Nxg3 19. Qxg3 f6 20. Nd7 Qxg3 21. Nxg3 Rfd8 22. Nf5 Bf8 23. Nxf8 Kxf8 24. Re1 e6 25. Ng3 Ke7 26. Nf5+ Kf7 27. Ng3 Ke7 28. Rc3 Kd6 1/2-1/2

[Event "Oberliga NRW 1617"]
[Site "Germany"]
[Date "2016.11.13"]
[Round "3.5"]
[White "Kummer, Wolfram"]
[Black "Xu, Xianliang"]
[Result "1/2-1/2"]
[WhiteElo "2091"]
[BlackElo "2287"]
[PlyCount "106"]
[EventDate "2016.09.25"]
[EventType "team-tourn"]
[EventRounds "9"]
[EventCountry "GER"]
[SourceTitle "EXT 2020"]
[Source "ChessBase"]
[SourceDate "2019.10.17"]
[SourceVersion "1"]
[SourceVersionDate "2019.10.17"]
[SourceQuality "1"]
[WhiteTeam "Godesberg"]
[BlackTeam "Koeln Porz II"]
[WhiteTeamCountry "GER"]
[BlackTeamCountry "GER"]

1. e4 c5 2. Nf3 g6 3. d4 cxd4 4. Nxd4 Nc6 5. c4 Nf6 6. Nc3 d6 7. Nc2 Bg7 8. Be2 0-0 9. 0-0 Nd7 10. Bd2 Nc5 11. f3 Qb6 12. Kh1 Qxb2 13. Rb1 Bxc3 14. Rxb2 Bxb2 15. Bh6 Bg7 16. Bxg7 Kxg7 17. Nd4 Nxd4 18. Qxd4+ f6 19. f4 b6 20. e5 dxe5 21. fxe5 Bb7 22. Qe3 Rac8 23. Kg1 Be4 24. exf6+ exf6 25. Qc3 Rce8 26. Bf3 Bd3 27. Rd1 Re3 28. Qd4 Rfe8 29. Kf2 Be2 30. Rd2 Bxf3 31. gxf3 R3e5 32. Qd6 g5 33. h3 Kg6 34. Qc6 h5 35. Kg2 Nd3 36. Kf1 Re1+ 37. Kg2 Rd8 38. Qc7 Nf4+ 39. Kf2 Rde8 40. h4 R8e7 41. Qd6 Kf5 42. hxg5 Kxg5 43. Qd8 Re8 44. Qd6 Rh1 45. Rd5+ Nxd5 46. Qxd5+ Kg6 47. Qd3+ f5 48. Qd6+ Kf7 49. Qd7+ Re7 50. Qxf5+ Kg7 51. Qg5+ Kf8 52. Qf5+ Rf7 53. Qd5 Rh3 1/2-1/2

[Event "Mittelrhein Regionalliga 15/16"]
[Site "Nordrheinwestfalen"]
[Date "2015.11.15"]
[Round "3.8"]
[White "Kummer, Wolfram"]
[Black "Koch, Matthias1111"]
[Result "1/2-1/2"]
[WhiteElo "2081"]
[BlackElo "2006"]
[PlyCount "124"]
[EventDate "2015.09.27"]
[EventType "team-tourn"]
[EventRounds "9"]
[EventCountry "GER"]
[SourceTitle "EXT 2022"]
[Source "ChessBase"]
[SourceDate "2021.10.06"]
[SourceVersion "1"]
[SourceVersionDate "2021.10.06"]
[SourceQuality "1"]
[WhiteTeam "Godesberg II"]
[BlackTeam "Bonn Beuel"]
[WhiteTeamCountry "GER"]
[BlackTeamCountry "GER"]

1. e4 e5 2. Nf3 Nc6 3. Bb5 a6 4. Bxc6 dxc6 5. d4 exd4 6. Qxd4 Qxd4 7. Nxd4 c5 8. Nb3 Bd6 9. Be3 b6 10. Nc3 Ne7 11. Nc1 Bb7 12. Nd3 c4 13. e5 cxd3 14. exd6 Nf5 15. dxc7 Nxe3 16. fxe3 dxc2 17. Rc1 Rc8 18. Rxc2 Rxc7 19. Rd2 0-0 20. Kf2 Rfc8 21. Rhd1 Kf8 22. Rd6 b5 23. a3 Ke8 24. R1d3 Rc6 25. Rd7 R6c7 26. R7d6 Rc6 27. Rd7 R6c7 28. R7d4 Rc4 29. Rd2 Rxd4 30. exd4 Kd7 31. Re2 Re8 32. Rd2 Kd6 33. g3 Bd5 34. Rd3 Re6 35. Re3 Rf6+ 36. Kg1 Re6 37. Kf2 Rf6+ 38. Ke1 Re6 39. Kd2 Rf6 40. Re5 Bg2 41. Re2 Bd5 42. Re8 Bc6 43. Re2 Re6 44. Rf2 f6 45. Rf5 g6 46. Rc5 Bb7 47. b4 f5 48. a4 bxa4 49. Ra5 Kc7 50. Nxa4 Re4 51. Kd3 f4 52. gxf4 Rxf4 53. Nc3 Rf2 54. Ra2 Rxa2 55. Nxa2 Bd5 56. Nc3 Kd6 57. h4 h6 58. Ke3 g5 59. hxg5 hxg5 60. Kf2 Be6 61. Kf3 Bf5 62. Ke3 Bg6 1/2-1/2

[Event "Regionalliga Mittelrhein 1213"]
[Site "Germany"]
[Date "2013.04.14"]
[Round "9.4"]
[White "Kummer, Wolfram"]
[Black "Juelich, Thomas"]
[Result "0-1"]
[WhiteElo "2090"]
[BlackElo "1975"]
[PlyCount "150"]
[EventDate "2012.09.09"]
[EventType "team"]
[EventRounds "11"]
[EventCountry "GER"]
[SourceTitle "EXT 2015"]
[Source "ChessBase"]
[SourceDate "2014.11.20"]
[SourceVersion "1"]
[SourceVersionDate "2014.11.20"]
[SourceQuality "1"]
[WhiteTeam "Godesberg III"]
[BlackTeam "Pulheim"]
[WhiteTeamCountry "GER"]
[BlackTeamCountry "GER"]

1. e4 d6 2. d4 Nf6 3. Nc3 g6 4. Bc4 Bg7 5. f3 c6 6. a4 d5 7. Bb3 dxe4 8. fxe4 e5 9. d5 0-0 10. Nf3 cxd5 11. Bxd5 Nxd5 12. Nxd5 Nc6 13. 0-0 Bg4 14. h3 Bxf3 15. Qxf3 f5 16. c3 Qh4 17. exf5 Rxf5 18. Qe2 Rxf1+ 19. Kxf1 Rd8 20. Nc7 Rd7 21. Nb5 a6 22. Na3 Qxa4 23. Bg5 h6 24. Be3 Qe4 25. Qc4+ Qxc4+ 26. Nxc4 Kf7 27. Ke2 Ke6 28. Nb6 Rd8 29. Rf1 Ne7 30. Na4 Nf5 31. Nc5+ Ke7 32. Bf2 Nd6 33. Rd1 Nf7 34. Ra1 Rb8 35. Rd1 Rd8 36. Ra1 Rb8 37. Rd1 Nd6 38. Bg1 Rc8 39. g4 Rc7 40. Kd3 Bf6 41. Kc2 Nf7 42. Ne4 Bg7 43. Bc5+ Ke6 44. Be3 Bf8 45. Rf1 Be7 46. Rf2 Ng5 47. Nd2 Bc5 48. Bxc5 Rxc5 49. h4 Nh7 50. Kd3 Rc7 51. Ne4 b6 52. Ke3 Rd7 53. b4 Kd5 54. Nf6+ Nxf6 55. Rxf6 Rd6 56. c4+ Kc6 57. Rf7 a5 58. b5+ Kc5 59. Rc7+ Kb4 60. c5 bxc5 61. Rc6 Rd4 62. b6 Rd7 63. Rc7 Rd8 64. b7 Rb8 65. Ke4 a4 66. Kd5 a3 67. Rxc5 Rxb7 68. Rc6 a2 69. Rc1 Kb3 70. Re1 Rc7 71. Kd6 Rc3 72. Kxe5 Kb2 73. Kf6 Rc6+ 74. Kg7 h5 75. Kh6 hxg4 0-1

[Event "Mittelrhein-chT 1112"]
[Site "Germany"]
[Date "2012.05.20"]
[Round "13.1"]
[White "Beeker, Detlef"]
[Black "Kummer, Wolfram"]
[Result "1/2-1/2"]
[WhiteElo "2212"]
[BlackElo "2088"]
[PlyCount "63"]
[EventDate "2011.09.11"]
[EventType "team-tourn"]
[EventRounds "13"]
[EventCountry "GER"]
[SourceTitle "EXT 2013"]
[Source "ChessBase"]
[SourceDate "2012.11.22"]
[SourceVersion "1"]
[SourceVersionDate "2012.11.22"]
[SourceQuality "1"]
[WhiteTeam "Koeln Lasker"]
[BlackTeam "Godesberg III"]
[WhiteTeamCountry "GER"]
[BlackTeamCountry "GER"]

1. e4 e6 2. d4 d5 3. Nd2 c5 4. Ngf3 cxd4 5. Nxd4 Nf6 6. e5 Nfd7 7. N2f3 Nc6 8. Bf4 Qb6 9. Nb3 Qb4+ 10. Qd2 a6 11. 0-0-0 Nc5 12. Nxc5 Qxd2+ 13. Rxd2 Bxc5 14. c4 h6 15. Bg3 Bb4 16. Rd1 dxc4 17. Bxc4 Bd7 18. Kb1 0-0-0 19. a3 Be7 20. Nd2 Na5 21. Be2 Ba4 22. Rc1+ Kb8 23. Bf4 Nb3 24. Nxb3 Bxb3 25. Be3 Rc8 26. Rxc8+ Rxc8 27. Rc1 Rxc1+ 28. Kxc1 Bd5 29. g3 Kc7 30. Kd2 Kc6 31. Kc3 Be4 32. f3 1/2-1/2

[Event "Mittelrhein-chT 1112"]
[Site "Germany"]
[Date "2012.03.18"]
[Round "10.2"]
[White "Kummer, Wolfram"]
[Black "Keller, Thomas L"]
[Result "0-1"]
[WhiteElo "2088"]
[BlackElo "2233"]
[PlyCount "106"]
[EventDate "2011.09.11"]
[EventType "team-tourn"]
[EventRounds "13"]
[EventCountry "GER"]
[SourceTitle "EXT 2013"]
[Source "ChessBase"]
[SourceDate "2012.11.22"]
[SourceVersion "1"]
[SourceVersionDate "2012.11.22"]
[SourceQuality "1"]
[WhiteTeam "Godesberg III"]
[BlackTeam "Bruehl"]
[WhiteTeamCountry "GER"]
[BlackTeamCountry "GER"]

1. e4 c5 2. Nf3 e6 3. b3 d5 4. exd5 exd5 5. Bb5+ Bd7 6. Qe2+ Qe7 7. 0-0 Qxe2 8. Bxe2 Nc6 9. Bb2 Nf6 10. Re1 0-0-0 11. Ne5 Nxe5 12. Bxe5 Bc6 13. Bf3 Bd6 14. Bxd6 Rxd6 15. Nc3 Re6 16. d3 Rhe8 17. Kf1 Kc7 18. h4 Kd6 19. Ne2 Nd7 20. Nf4 Rxe1+ 21. Rxe1 Rxe1+ 22. Kxe1 Ne5 23. Ke2 h6 24. g4 g5 25. hxg5 hxg5 26. Nh5 b6 27. a3 Bd7 28. Nf6 Ke6 29. Nxd7 Nxd7 30. Ke3 Ke5 31. c4 d4+ 32. Ke2 Kf4 33. Bd5 f6 34. f3 Kg3 35. Be4 a5 36. Bf5 Ne5 37. Be4 Nf7 38. Bd5 Nd6 39. Be6 b5 40. a4 bxa4 41. bxa4 Ne8 42. Bd7 Nc7 43. Bc8 Kg2 44. Bd7 Na6 45. Bc8 Nb4 46. Bb7 Kg3 47. Be4 Nc2 48. Kd2 Ne3 49. Ke2 Ng2 50. Bg6 Nf4+ 51. Kd2 Kf2 52. Be4 Nh3 53. Bd5 Ng1 0-1

[Event "Mittelrhein-chT 1112"]
[Site "Germany"]
[Date "2012.02.26"]
[Round "9.2"]
[White "Goossens, Etienne"]
[Black "Kummer, Wolfram"]
[Result "1/2-1/2"]
[WhiteElo "2181"]
[BlackElo "2088"]
[PlyCount "68"]
[EventDate "2011.09.11"]
[EventType "team-tourn"]
[EventRounds "13"]
[EventCountry "GER"]
[SourceTitle "EXT 2013"]
[Source "ChessBase"]
[SourceDate "2012.11.22"]
[SourceVersion "1"]
[SourceVersionDate "2012.11.22"]
[SourceQuality "1"]
[WhiteTeam "Wuerselen"]
[BlackTeam "Godesberg III"]
[WhiteTeamCountry "GER"]
[BlackTeamCountry "GER"]

1. d4 Nf6 2. Nf3 b5 3. Bg5 Bb7 4. Nbd2 a6 5. e3 e6 6. Bd3 c5 7. dxc5 Bxc5 8. 0-0 d5 9. e4 dxe4 10. Nxe4 Be7 11. Qe2 Nbd7 12. Rad1 Qc7 13. Nxf6+ Nxf6 14. Ne5 Nd5 15. Bxe7 Qxe7 16. Bxb5+ axb5 17. Qxb5+ Kf8 18. Nd7+ Kg8 19. Qxb7 Rd8 20. c4 Rxd7 21. Qa8+ Rd8 22. Qa3 Qxa3 23. bxa3 f6 24. cxd5 exd5 25. Rb1 Kf7 26. Rb7+ Kg6 27. Rd1 Rhe8 28. h3 h5 29. Rd3 Re1+ 30. Kh2 Re2 31. Rg3+ Kf5 32. Rf3+ Kg6 33. Rg3+ Kf5 34. Rf3+ Kg6 1/2-1/2

[Event "Mittelrhein-chT 1112"]
[Site "Germany"]
[Date "2011.12.18"]
[Round "6.2"]
[White "Kummer, Wolfram"]
[Black "Serbu, Eli"]
[Result "0-1"]
[WhiteElo "2088"]
[BlackElo "2118"]
[PlyCount "104"]
[EventDate "2011.09.11"]
[EventType "team-tourn"]
[EventRounds "13"]
[EventCountry "GER"]
[SourceTitle "EXT 2013"]
[Source "ChessBase"]
[SourceDate "2012.11.22"]
[SourceVersion "1"]
[SourceVersionDate "2012.11.22"]
[SourceQuality "1"]
[WhiteTeam "Godesberg III"]
[BlackTeam "Aachen Hoern"]
[WhiteTeamCountry "GER"]
[BlackTeamCountry "GER"]

1. e4 c5 2. b3 Nf6 3. e5 Nd5 4. Bb2 Nc6 5. Nf3 d6 6. Bb5 Qb6 7. Bc4 Nf4 8. 0-0 d5 9. Be2 Bf5 10. Re1 Nxe2+ 11. Qxe2 e6 12. d3 Be7 13. Nbd2 0-0 14. h3 Rfd8 15. Nf1 Rac8 16. Ng3 Bg6 17. Qe3 h6 18. h4 Nb4 19. Rec1 d4 20. Qe2 Nd5 21. Re1 Qc7 22. h5 Bh7 23. a4 b6 24. Nd2 a6 25. Bc1 Nb4 26. Nc4 b5 27. axb5 axb5 28. Na3 Qc6 29. Qg4 Kh8 30. f4 Ra8 31. f5 Nd5 32. Bd2 Rg8 33. Qf3 exf5 34. Nxf5 Bxf5 35. Qxf5 Ne3 36. Bxe3 dxe3 37. c4 b4 38. Nc2 Rxa1 39. Rxa1 g6 40. Qxf7 gxh5 41. Qd5 Qg6 42. Nxe3 Bg5 43. Nf1 Rg7 44. Ra8+ Kh7 45. Rb8 h4 46. Qa8 Qf5 47. Rh8+ Kg6 48. Qe8+ Rf7 49. Rg8+ Kh5 50. g4+ Qxg4+ 51. Kh1 Qf3+ 52. Kh2 Qf2+ 0-1

[Event "Mittelrhein-chT 1112"]
[Site "Germany"]
[Date "2011.10.02"]
[Round "2.2"]
[White "Kummer, Wolfram"]
[Black "Hoefer, Axel"]
[Result "1-0"]
[WhiteElo "2088"]
[BlackElo "2012"]
[PlyCount "79"]
[EventDate "2011.09.11"]
[EventType "team-tourn"]
[EventRounds "13"]
[EventCountry "GER"]
[SourceTitle "EXT 2013"]
[Source "ChessBase"]
[SourceDate "2012.11.22"]
[SourceVersion "1"]
[SourceVersionDate "2012.11.22"]
[SourceQuality "1"]
[WhiteTeam "Godesberg III"]
[BlackTeam "Koeln Muelheim"]
[WhiteTeamCountry "GER"]
[BlackTeamCountry "GER"]

1. e4 e6 2. d4 d5 3. e5 c5 4. c3 Nc6 5. Nf3 Qb6 6. a3 a5 7. Bd3 Bd7 8. 0-0 cxd4 9. cxd4 Nxd4 10. Nxd4 Qxd4 11. Qe2 Ne7 12. Kh1 Ng6 13. f4 Bc5 14. Nc3 0-0 15. Bd2 Ba7 16. Rf3 Qb6 17. Be3 Qd8 18. Bxa7 Rxa7 19. Rh3 h6 20. Rf1 f5 21. exf6 Rxf6 22. f5 Nf8 23. Rhf3 Bc8 24. fxe6 Rxf3 25. Rxf3 Nxe6 26. Qe5 Ng5 27. Rf1 b6 28. Nxd5 Be6 29. Bc4 Bxd5 30. Bxd5+ Kh8 31. Qf5 Rd7 32. Bb3 Rd6 33. Qg4 Rf6 34. Rd1 Rd6 35. Rxd6 Qxd6 36. Qc8+ Kh7 37. h4 Nf3 38. Qf5+ g6 39. Qf7+ Kh8 40. Qg8# 1-0

[Event "Regionalliga Mittelrhein 1011"]
[Site "Germany"]
[Date "2011.02.27"]
[Round "6.5"]
[White "Hermann, Waldemar"]
[Black "Kummer, Wolfram"]
[Result "0-1"]
[WhiteElo "2060"]
[BlackElo "2065"]
[PlyCount "150"]
[EventDate "2010.10.24"]
[EventType "team"]
[EventRounds "9"]
[EventCountry "GER"]
[SourceTitle "EXT 2015"]
[Source "ChessBase"]
[SourceDate "2014.11.20"]
[SourceVersion "1"]
[SourceVersionDate "2014.11.20"]
[SourceQuality "1"]
[WhiteTeam "Koeln Muelheim"]
[BlackTeam "Godesberg III"]
[WhiteTeamCountry "GER"]
[BlackTeamCountry "GER"]

1. e4 c5 2. Nf3 a6 3. d4 cxd4 4. Nxd4 Nf6 5. Nc3 e5 6. Nb3 Bb4 7. Bd3 d5 8. exd5 Qxd5 9. 0-0 Bxc3 10. bxc3 0-0 11. Be2 Bf5 12. Ba3 Re8 13. Qc1 Nbd7 14. c4 Qc6 15. c3 h6 16. Qe3 Nb6 17. Bc5 Nfd7 18. Bxb6 Nxb6 19. c5 Na4 20. Rfd1 Rac8 21. Rd6 Qe4 22. Qd2 Qc2 23. c6 Qxd2 24. Nxd2 Rxc6 25. Rxc6 bxc6 26. Bxa6 Rd8 27. Nf3 f6 28. Rc1 Be6 29. h3 Kf8 30. Be2 Ke7 31. g4 c5 32. Ne1 Rd2 33. Bc4 Nb6 34. Bb3 Nd5 35. Bxd5 Bxd5 36. c4 Be6 37. a3 Rd4 38. Ng2 Rxc4 39. Ra1 Rd4 40. Ne3 Kd6 41. Kf1 Ra4 42. Ke2 g6 43. f3 f5 44. Nc2 e4 45. Rg1 exf3+ 46. Kxf3 Bd5+ 47. Ke2 Be4 48. Kd2 fxg4 49. hxg4 Bxc2 50. Kxc2 Rxa3 51. g5 h5 52. Rf1 Rg3 53. Rf6+ Kd5 54. Rxg6 Kc4 55. Rg8 Rg2+ 56. Kd1 Kc3 57. g6 c4 58. g7 h4 59. Ke1 h3 60. Rh8 Rg1+ 61. Ke2 Rxg7 62. Rxh3+ Kc2 63. Ke3 Rd7 64. Rh8 c3 65. Rc8 Re7+ 66. Kf2 Kd2 67. Rd8+ Kc1 68. Rc8 c2 69. Rd8 Re5 70. Kf3 Kb2 71. Rb8+ Kc3 72. Rc8+ Kb3 73. Kf4 Re1 74. Rb8+ Ka4 75. Ra8+ Kb5 0-1

[Event "Sauerland Bezirksliga 0102"]
[Site "Sauerland"]
[Date "2002.04.28"]
[Round "7"]
[White "Kouril, Bernward"]
[Black "Kummer, Wolfram"]
[Result "0-1"]
[WhiteElo "1442"]
[BlackElo "1980"]
[PlyCount "62"]
[EventDate "2001.09.23"]
[EventType "team"]
[EventRounds "7"]
[EventCountry "GER"]
[SourceTitle "EXT 2007"]
[Source "ChessBase"]
[SourceDate "2006.11.23"]
[SourceVersion "1"]
[SourceVersionDate "2006.11.23"]
[SourceQuality "1"]

1. d4 Nf6 2. Nf3 g6 3. e3 Bg7 4. Bc4 c5 5. c3 0-0 6. 0-0 d5 7. Bb3 b6 8. Nbd2 Bb7 9. Ne5 Nfd7 10. Nxd7 Nxd7 11. Nf3 e5 12. dxe5 Nxe5 13. Nxe5 Bxe5 14. f4 Bg7 15. Qf3 Qd7 16. Rd1 Rad8 17. Qe2 Qc6 18. Bd2 Rfe8 19. Rac1 c4 20. Bc2 d4 21. cxd4 Bxd4 22. Kf1 Bxb2 23. Rb1 Bf6 24. e4 b5 25. Be3 a5 26. Rxd8 Rxd8 27. Rd1 Rxd1+ 28. Qxd1 b4 29. Qe2 b3 30. axb3 cxb3 31. Bxb3 Ba6 0-1

[Event "Werther Schloss op-A 8th"]
[Site "Werther"]
[Date "2002.03.23"]
[Round "2"]
[White "Andre, Gordon"]
[Black "Kummer, Wolfram"]
[Result "1-0"]
[WhiteElo "2339"]
[BlackElo "1982"]
[PlyCount "87"]
[EventDate "2002.03.22"]
[EventType "swiss"]
[EventRounds "5"]
[EventCountry "GER"]
[SourceTitle "CBM 087 Extra"]
[Source "ChessBase"]
[SourceDate "2002.05.03"]
[SourceVersion "2"]
[SourceVersionDate "2002.08.09"]
[SourceQuality "1"]

1. d4 b5 2. Nf3 Bb7 3. Bf4 e6 4. Nbd2 Nf6 5. e3 a6 6. Bd3 c5 7. c3 d6 8. a4 c4 9. Bc2 Nbd7 10. 0-0 Be7 11. e4 0-0 12. Re1 Nh5 13. Be3 Nhf6 14. e5 Nd5 15. exd6 Bxd6 16. Bg5 Qc7 17. Ne4 Bf4 18. Bxf4 Qxf4 19. Qd2 Qc7 20. Ng3 Nf4 21. Ne4 Nd5 22. Qg5 h6 23. Qg3 Qxg3 24. hxg3 Bc6 25. Nd6 N5b6 26. Nd2 Rfd8 27. N6e4 Kf8 28. f4 bxa4 29. Nf3 Rab8 30. Re2 Bxe4 31. Bxe4 Rdc8 32. Ne5 Nxe5 33. dxe5 Rc5 34. Rd2 Ke7 35. Rd6 f6 36. Rad1 fxe5 37. f5 exf5 38. Bxf5 a5 39. Re6+ Kf7 40. Rdd6 Rb5 41. Bg6+ Kf8 42. Rc6 Rxb2 43. Rxe5 a3 44. Rce6 1-0

[Event "Werther Schloss op-A 8th"]
[Site "Werther"]
[Date "2002.03.23"]
[Round "3"]
[White "Kummer, Wolfram"]
[Black "Marincel, Boris"]
[Result "1/2-1/2"]
[WhiteElo "1982"]
[BlackElo "2178"]
[PlyCount "81"]
[EventDate "2002.03.22"]
[EventType "swiss"]
[EventRounds "5"]
[EventCountry "GER"]
[SourceTitle "CBM 087 Extra"]
[Source "ChessBase"]
[SourceDate "2002.05.03"]
[SourceVersion "2"]
[SourceVersionDate "2002.08.09"]
[SourceQuality "1"]

1. e4 c5 2. Nf3 e6 3. d4 cxd4 4. Nxd4 Qb6 5. Nb3 Qc7 6. Bd3 Nf6 7. 0-0 Nc6 8. Nc3 a6 9. f4 Nb4 10. e5 Nfd5 11. Nxd5 Nxd5 12. Qe2 Nb4 13. Be4 d5 14. exd6 Bxd6 15. c3 Nc6 16. Be3 f5 17. Bf3 0-0 18. g3 Nd8 19. Rad1 Nf7 20. Qg2 e5 21. Bd5 Kh8 22. Kh1 a5 23. Nd2 Bd7 24. Nc4 Ra6 25. Nxe5 Nxe5 26. fxe5 Bxe5 27. Bxb7 Rg6 28. Bd5 f4 29. Be4 Rh6 30. Qe2 Re8 31. Bxf4 Bxf4 32. Rxf4 g5 33. Rf7 Qxg3 34. Rdxd7 Rxh2+ 35. Qxh2 Qe1+ 36. Kg2 Qxe4+ 37. Kg3 Qe3+ 38. Rf3 Qe5+ 39. Kg2 Qe2+ 40. Rf2 Qg4+ 41. Qg3 1/2-1/2

[Event "Werther Schloss op-A 7th"]
[Site "Werther"]
[Date "2001.04.08"]
[Round "4"]
[White "Kummer, Wolfram"]
[Black "Leonardi, Karlheinz"]
[Result "1/2-1/2"]
[WhiteElo "2000"]
[BlackElo "2109"]
[PlyCount "153"]
[EventDate "2001.04.06"]
[EventType "swiss"]
[EventRounds "5"]
[EventCountry "GER"]
[SourceTitle "EXT 2002"]
[Source "ChessBase"]
[SourceDate "2001.11.25"]
[SourceVersion "1"]
[SourceVersionDate "2001.11.25"]
[SourceQuality "1"]

1. e4 c5 2. Nf3 Nc6 3. d4 cxd4 4. Nxd4 Nf6 5. Nc3 Qb6 6. Nb3 e6 7. Be3 Qc7 8. a3 a6 9. Be2 b5 10. 0-0 Be7 11. f4 d6 12. Bf3 Bb7 13. Qe2 0-0 14. g4 Rfe8 15. g5 Nd7 16. Bg2 Na5 17. Nxa5 Qxa5 18. Qg4 Rad8 19. h4 b4 20. Ne2 d5 21. f5 Bc5 22. Bxc5 Qxc5+ 23. Kh1 dxe4 24. axb4 Qxb4 25. fxe6 Rxe6 26. c3 Qb6 27. Nd4 Ree8 28. Nf5 Ne5 29. Qf4 Nf3 30. Bxf3 exf3 31. Nd4 Re4 32. Qg3 Rexd4 33. cxd4 Qxd4 34. Rf2 Re8 35. Raf1 g6 36. b3 Bd5 37. Rxf3 Re3 38. Kg2 Rxb3 39. Kh3 Bxf3 40. Rxf3 Rxf3 41. Qxf3 Kg7 42. h5 gxh5 43. Qxh5 Qe3+ 44. Kg2 Qe6 45. Qh4 Qd6 46. Qe4 Qd2+ 47. Kh3 Qxg5 48. Qd4+ f6 49. Qd7+ Kh6 50. Qc8 a5 51. Qf8+ Kg6 52. Qe8+ Kf5 53. Qb5+ Kf4 54. Qc4+ Kf3 55. Qf1+ Ke3 56. Qc1+ Ke2 57. Qc4+ Kd2 58. Qd4+ Ke2 59. Qc4+ Kf3 60. Qf1+ Ke4 61. Qc4+ Ke5 62. Qc5+ Ke6 63. Qc6+ Kf7 64. Qd7+ Kg6 65. Qe8+ Kh6 66. Qf8+ Kh5 67. Qe8+ Qg6 68. Qb5+ f5 69. Qxa5 Qg4+ 70. Kh2 Qf4+ 71. Kh3 Qf3+ 72. Kh2 Kh4 73. Qa2 Qf4+ 74. Kg2 Qg3+ 75. Kh1 Kh3 76. Qe2 Kh4 77. Qh5+ 1/2-1/2